000 004440000a22001810004500
003 MACL
005 20150915153322.0
008 150915b xxu||||| |||| 00| 0 eng d
040 _aMACL
_cMACL
041 _aEnglish
082 _a823/JOS
100 _aJoshi, Sushma
_911225
245 _aNew Nepal New Voices
_bAn Anthology
260 _bRupa & Co
_c2008
_aNew Delhi
350 _a195
650 _aStories
_911226
942 _cBK
_k823/JOS
_2ddc
999 _c42213
_d42213